Sports Quiz

Random Sports or Football Quiz

2017-18 NFL Playoff States Quiz Stats

 Plays Quiz Updated Feb 21, 2018

Support Sporcle.
Go Orange.
Score 0/11 Timer 02:00
2 Plays Today
% Correct
California
85.4%
Pennsylvania
85%
Massachusetts
82%
Florida
76.7%
Minnesota
76.1%
Louisiana
73.7%
Georgia
68.8%
Tennessee
60.9%
North Carolina
59.8%
New York
59.5%
Missouri
56.4%

You're not logged in!

Compare scores with friends on all Sporcle quizzes.
OR
Log In

From the Vault

Straight As in World Geography

by slipkid

If you spend enough time on Sporcle, you're guaranteed an A in any geography class you take.
Remove Ads.
Support Sporcle.
Get the best of Sporcle when you Go Orange. This ad-free experience offers more features, more stats, and more fun while also helping to support Sporcle. Thank you for becoming a member.

Show Comments

Extras

Top Quizzes Today


Score Distribution

Your Account Isn't Verified!

In order to create a playlist on Sporcle, you need to verify the email address you used during registration. Go to your Sporcle Settings to finish the process.

Report this User

Report this user for behavior that violates our Community Guidelines.

Details: